|
|
|
|
| LEADER |
02458nam a2200505 4500 |
| 001 |
ocn855704479 |
| 003 |
OCoLC |
| 005 |
20180501122011.0 |
| 006 |
m o d |
| 007 |
cr |n|---||||| |
| 008 |
130725s2013 vtu ob 000 0 eng d |
| 040 |
|
|
|a MHW
|b eng
|e pn
|c MHW
|d EBLCP
|d OPELS
|d N$T
|d OCLCF
|d YDXCP
|d DEBSZ
|d OCLCO
|d OCL
|d OCLCO
|d OCLCQ
|d OCLCO
|d OCLCQ
|d DEBBG
|d MERUC
|d GrThAP
|
| 019 |
|
|
|a 854520324
|a 901574759
|
| 020 |
|
|
|a 9780124078475
|
| 020 |
|
|
|a 0124078478
|
| 020 |
|
|
|a 012407698X
|q (cloth)
|
| 020 |
|
|
|a 9780124076983
|q (cloth)
|
| 035 |
|
|
|a (OCoLC)855704479
|z (OCoLC)854520324
|z (OCoLC)901574759
|
| 050 |
|
4 |
|a QR360
|
| 072 |
|
7 |
|a SCI
|x 027000
|2 bisacsh
|
| 082 |
0 |
4 |
|a 576.6
|
| 049 |
|
|
|a TEFA
|
| 245 |
0 |
0 |
|a Advances in Virus Research /
|c edited by Karl Maramorosch, Frederick A. Murphy.
|
| 260 |
|
|
|a Burlington :
|b Elsevier Science,
|c 2013.
|
| 300 |
|
|
|a 1 online resource (259 pages).
|
| 336 |
|
|
|a text
|b txt
|2 rdacontent
|
| 337 |
|
|
|a computer
|b c
|2 rdamedia
|
| 338 |
|
|
|a online resource
|b cr
|2 rdacarrier
|
| 490 |
0 |
|
|a Advances in Virus Research ;
|v v. 87
|
| 588 |
0 |
|
|a Print version record.
|
| 520 |
|
|
|a Published since 1953, Advances in Virus Research covers a diverse range of in-depth reviews, providing a valuable overview of the current field of virology. Contributions from leading authoritiesInforms and updates on all the latest developments in the field.
|
| 504 |
|
|
|a Includes bibliographical references.
|
| 505 |
0 |
|
|a Chapter One: Mechanisms of Reovirus Bloodstream Dissemination -- Chapter Two: Molecular Biology and Epidemiology of Dianthoviruses -- Chapter Three: Viral and Nonviral Elements in Potexvirus Replication and Movement and in Antiviral Responses* -- Chapter Four: Influenza Virus Transcription and Replication -- Chapter Five: The Molecular Biology of Ilarviruses -- Chapter Six: Genetic Variation and HIV-Associated Neurologic Disease.
|
| 650 |
|
0 |
|a Virology.
|
| 650 |
|
0 |
|a Virology
|v Periodicals.
|
| 650 |
|
0 |
|a Virology
|x Research.
|
| 650 |
|
7 |
|a SCIENCE
|x Life Sciences
|x Evolution.
|2 bisacsh
|
| 650 |
|
7 |
|a Virology
|x Research
|2 fast
|0 (OCoLC)fst01167675
|
| 650 |
|
7 |
|a Virology.
|2 fast
|0 (OCoLC)fst01167670
|
| 655 |
|
4 |
|a Electronic books.
|
| 655 |
|
7 |
|a Periodicals.
|2 fast
|0 (OCoLC)fst01411641
|
| 700 |
1 |
|
|a Maramorosch, Karl.
|
| 700 |
1 |
|
|a Murphy, Frederick A.
|
| 776 |
0 |
8 |
|i Print version:
|z 9780124076983
|
| 856 |
4 |
0 |
|u https://www.sciencedirect.com/science/bookseries/00653527/87
|z Full Text via HEAL-Link
|